000 00911aam a2200157 a 4500
020 _a0697165744 (pbk.)
040 _cDLC
082 _a540 WM.C 1997 A028 Or.
100 1 _aGebelein, Charles G
245 1 0 _aChemistry and our world /
260 _aDubuque, IA :
_bWm. C. Brown,
_cc1997
300 _axvi, 609 p. :
_bill. (some col.) ;
_c28 cm
520 _a[The book] strives to teach students that chemistry is relevant and interesting to us as individuals and to our understanding of the changing world around us. Chemistry can indeed be presented in a relevant fashion to those students for whom this may be their only science course. To that end, [the book] is sculpted to meet the needs of this specific group of students. The more matheamtical and theoretical aspects of chemistry are de-emphasized, and the more practical, or applied aspects are accentuated. -Pref
650 0 _aChemistry
942 _cEK
999 _c12905
_d12905